|
|
|
|
| LEADER |
00000nam0a2200000 4500 |
| 001 |
292650 |
| 005 |
20231102000522.0 |
| 035 |
|
|
|a (RuTPU)RU\TPU\book\317286
|
| 035 |
|
|
|a RU\TPU\book\316891
|
| 090 |
|
|
|a 292650
|
| 100 |
|
|
|a 20150423d1969 k y0rusy50 ca
|
| 101 |
0 |
|
|a rus
|
| 102 |
|
|
|a RU
|
| 105 |
|
|
|a a z 001zy
|
| 200 |
1 |
|
|a Высокотемпературное ядерное топливо
|f Р. Б. Котельников [и др.]
|
| 210 |
|
|
|a Москва
|c Атомиздат
|d 1969
|
| 215 |
|
|
|a 367 с.
|c ил.
|
| 320 |
|
|
|a Библиография в конце глав.
|
| 606 |
1 |
|
|a Ядерное топливо, высокотемпературное
|2 stltpush
|3 (RuTPU)RU\TPU\subj\21598
|9 46558
|
| 610 |
1 |
|
|a окисное топливо
|
| 610 |
1 |
|
|a двуокись урана
|
| 610 |
1 |
|
|a двуокись плутония
|
| 610 |
1 |
|
|a карбидное топливо
|
| 610 |
1 |
|
|a карбиды урана
|
| 610 |
1 |
|
|a карбиды плутония
|
| 610 |
1 |
|
|a нитридное топливо
|
| 610 |
1 |
|
|a нитриды урана
|
| 610 |
1 |
|
|a нитриды плутония
|
| 610 |
1 |
|
|a тугоплавкие соединения
|
| 610 |
1 |
|
|a сульфиды плутония
|
| 610 |
1 |
|
|a сульфиды урана
|
| 675 |
|
|
|a 621.039.54
|v 3
|
| 701 |
|
1 |
|a Котельников
|b Р. Б.
|g Рэд Борисович
|
| 701 |
|
1 |
|a Башлыков
|b С. Н.
|g Сергей Николаевич
|
| 701 |
|
1 |
|a Каштанов
|b А. И.
|g Андрей Иванович
|
| 701 |
|
1 |
|a Меньшикова
|b Т. С.
|g Татьяна Сергеевна
|
| 801 |
|
1 |
|a RU
|b 63413507
|c 20150421
|
| 801 |
|
2 |
|a RU
|b 63413507
|c 20180129
|g RCR
|
| 942 |
|
|
|c BK
|